I-LAND and I-LAND2 : N/a - Sudden Death - Statistics

General Stats
  • This quiz has been taken 40 times
    29 since last reset
  • The average score is 6 of 14
Answers on the Grid
Answers color-coded by a green-red scale on the quiz's grid according to % correct below.
KIM SUNOO
DANIEL
UM JIWON
JAKE
K
PARK YEEUN
BYUN EUIJU
YANG JUNGWON
JEONG SAEBI
LEE GEONWOO
JAY
LINGLING
CHO KYUNGMIN
KIM MINSOL
HANBIN
FUKO
KIM YOONWON
KIM TAEYONG
LEE HEESUNG
NANA
KIM EUNCHAE
MAI
KIM GYURI
KOKO
CHOI JUNGEUN
NICHOLAS
JUNG JAEBEOM
CHOI SOUL
CHU JIMIN
KIM SUJUNG
TAKI
YOON JIYOON
BANG JEEMIN
NOH SUNGCHUL
OH YUNA
YUIKO
NAM YUJU
NI-KI
LEE YOUNGBIN
KIM CHAEEUN
SON JUWON
CHOI SEON
CHOI JAEHO
PARK SUNGHOON
KANG JIWON
RYU SARANG
 
Answer Stats
Answer % Correct
KIM SUNOO
93%
JAKE
73%
JAY
73%
LEE HEESUNG
67%
PARK SUNGHOON
60%
YANG JUNGWON
60%
NI-KI
53%
BANG JEEMIN
27%
KOKO
27%
RYU SARANG
27%
CHOI JUNGEUN
20%
JEONG SAEBI
20%
MAI
20%
YOON JIYOON
20%
No matching quizzes found
Score Distribution
Percent of People with Each Score
Percentile by Number Answered
Your Score History
You have not taken this quiz since the last reset